000 00217nam a22000857a 4500
008 160716b xxu||||| |||| 00| 0 eng d
100 _92942
_a Wolfgang Hieber
245 _aLernziel Deutsch
260 _aMax Huber Volag
_c2004
999 _c2507
_d2507